00657nam a2200193Ia 4500001000700000008004100007020001800048082001700066100001800083245007000101250001100171260003300182300001100215500010100226503004300327504002100370650003700391700003500428Z_2973220601s9999 xx 000 0 und d a968-426-311-3 a636.5089 G67 aGordon, R. F. aEnfermedades de las aves / R. F. Gordon; coautor F. T. W. Jordan a2a ed. aMéxico : El Manual Moderno a383 p. aTraducción de la 2 ed. en inglés de 1982 la bibioteca cuenta con la 3a reimpresión de 1991 aej.1: ?, ej.2: reposición del 118144 aIncluye índice a1. Aves de corral - Enfermedades aI. Jordan, F. T. W., coaut.Ì